000 00294nam a22001337a 4500
008 170222b xxu||||| |||| 00| 0 alb d
020 _a9789995619206
041 _aalb
080 _a616.31
100 _a5
101 _aSHS
245 _aETIKA DENTARE NE POLTRONE
_cOZAR, D.T
942 _2udc
_cBK
999 _c6057
_d6057